00000000nas##2200000za#4500
0019.515606
003CaOODSP
00520200325132707
007ta
008150406c2009||||xxc|| p #||||f|   |0eng|d
022 |a1910-6122
040 |aCaOODSP|beng
043 |an-cn---
0861 |aH22-1/1E
1101 |aCanada.|bHealth Canada. |bStrategic Policy Branch.
24510|aHealth Canada's Research Ethics Board, annual report
260 |aOttawa - Ontario : |bHealth Canada.
310 |aAnnual
3621 |a2008-2009 --
5203 |aDescribes the mandate of the Board, key results achieved and also the activities of the Research Ethics Board (REB) Secretariat in the Science Policy Directorate, Strategic Policy Branch of Health Canada. Also featured is a summary of the REB’s role, future goals and profile of members of the Board.
69007|aScientific research|2gcpds
69007|aEthics|2gcpds
77508|tComité d'éthique de la recherche de Santé Canada, rapport annuel |w(CaOODSP)9.513931
7760#|tHealth Canada's Research Ethics Board, annual report |w(CaOODSP)9.505674